NLSUI OPAC header image

Guide to double taxation avoidance agreements (Record no. 14385)

MARC details
000 -LEADER
fixed length control field 00439nam a2200157Ia 4500
008 - FIXED-LENGTH DATA ELEMENTS--GENERAL INFORMATION
fixed length control field 160316s1998 xxu||||| |||| 00| 0 eng d
082 ## - DEWEY DECIMAL CLASSIFICATION NUMBER
Classification number 343.052000
Item number SRI
100 ## - MAIN ENTRY--PERSONAL NAME
Personal name Srinivasan K
245 ## - TITLE STATEMENT
Title Guide to double taxation avoidance agreements
250 ## - EDITION STATEMENT
Edition statement
260 ## - PUBLICATION, DISTRIBUTION, ETC.
Place of publication, distribution, etc. New Delhi
Name of publisher, distributor, etc. Vidhi Publishing (P) Ltd.
Date of publication, distribution, etc. 1998
300 ## - PHYSICAL DESCRIPTION
Extent 5.18p
Other physical details
Dimensions cxi
365 ## - TRADE PRICE
Price amount Rs.1,260
650 ## - SUBJECT ADDED ENTRY--TOPICAL TERM
Topical term or geographic name entry element 1.Tax laws - Double taxation - Avoidance
700 ## - ADDED ENTRY--PERSONAL NAME
Personal name
--
Holdings
Withdrawn status Lost status Damaged status Not for loan Home library Current library Shelving location Date acquired Cost, normal purchase price Total Checkouts Full call number Barcode Date last seen Price effective from Koha item type
        . . Library Compactors 30.05.2017 1260.00   343.052 SRI 14590 30.05.2017 30.05.2017 BOOKs